Startup mentorprogramok működése és fejlődési lehetőségei

Bibliographic Details
Main Author: Égi Marianna
Other Authors: Radácsi Dr László
Format: Thesis
Kulcsszavak:startup
ökoszisztéma
mentorálás
Online Access:http://dolgozattar.uni-bge.hu/14593

MARC

LEADER 00000nta a2200000 i 4500
001 dolg14593
005 20171218162636.0
008 171218suuuu hu om 000 hun d
040 |a BGE Dolgozattár Repozitórium  |b hun 
041 |a hu 
100 1 |a Égi Marianna 
245 1 0 |a Startup mentorprogramok működése és fejlődési lehetőségei  |c Égi Marianna  |h [elektronikus dokumentum] 
246 1 1 |a Startup mentorprogramok működése és fejlődési lehetőségei 
695 |a startup  
695 |a ökoszisztéma 
695 |a mentorálás 
700 1 |a Radácsi Dr László  |e ths 
856 4 0 |u http://dolgozattar.uni-bge.hu/14593/1/Szakdolgozat%20%C3%89gi%20Marianna%20PDF.pdf  |z Dokumentum-elérés 
856 4 0 |u http://dolgozattar.uni-bge.hu/14593/7/Nyilatkozat.pdf  |z Dokumentum-elérés